000 00667cac a22001931u 4500
090 _c9072
008 081218t 1998xxu||||| |||| 00| 0 eng d
020 _a1854181211
082 _a657
_bTIF
100 _aTiffin, Ralph.
245 _aThe finance and accountancy desktop guide :
_b for the non-financial manager /
_c Ralph Tiffin.
260 _aLondon :
_bThorogood,
_c1998.
260 _bDistributer: Al-ahram
300 _a323p.:
_bill.;
_c23 cm.
650 _aAccounting.
650 _aFinance.
942 _cBB
_k657TIF
_2ddc
999 _c9072
_d9072